[Event "BCF-chT 2223 (4NCL)"]
[Site "England"]
[Date "2023.05.01"]
[Round "11.6"]
[White "Czopor, Maciej"]
[Black "Delaney, Killian"]
[Result "1/2-1/2"]
[WhiteElo "2403"]
[BlackElo "2334"]
[PlyCount "87"]
[EventDate "2022.10.22"]
[EventType "team-swiss"]
[EventRounds "11"]
[EventCountry "ENG"]
[SourceTitle "EXT 2024"]
[Source "ChessBase"]
[SourceDate "2023.10.10"]
[SourceVersion "1"]
[SourceVersionDate "2023.10.10"]
[SourceQuality "1"]
[WhiteTeam "Wood Green Youth"]
[BlackTeam "Gonzaga"]
[WhiteTeamCountry "ENG"]
[BlackTeamCountry "ENG"]

1. e4 c5 2. Nf3 Nf6 3. Nc3 d5 4. exd5 Nxd5 5. Bb5+ Bd7 6. Ne5 Nf6 7. Nxd7 Nbxd7 8. 0-0 a6 9. Be2 e6 10. Bf3 Qc7 11. d4 0-0-0 12. dxc5 Bxc5 13. Qe2 Ne5 14. Bg5 Rd4 15. h3 Rhd8 16. Rfe1 Nxf3+ 17. Qxf3 h6 18. Bxf6 gxf6 19. Rad1 f5 20. Rxd4 Rxd4 21. Ne2 Re4 22. Qc3 Kb8 23. Nc1 Rc4 24. Qd2 Bd6 25. c3 Bh2+ 26. Kf1 Bf4 27. Qd3 Rc5 28. Ne2 Rd5 29. Qf3 Bd2 30. Rd1 Qd7 31. Nd4 Bg5 32. Re1 Bd2 33. Re2 Bg5 34. g3 e5 35. Nb3 e4 36. Qh5 Rd1+ 37. Re1 Qd3+ 38. Qe2 Rxe1+ 39. Kxe1 Qb1+ 40. Qd1 Qxb2 41. Qd6+ Ka8 42. Qf8+ Ka7 43. Qc5+ Kb8 44. Qf8+ 1/2-1/2

[Event "BCF-chT 2223 (4NCL)"]
[Site "England"]
[Date "2022.10.22"]
[Round "1.2"]
[White "Delaney, Killian"]
[Black "Cyborowski, Lukasz"]
[Result "0-1"]
[WhiteElo "2334"]
[BlackElo "2490"]
[PlyCount "72"]
[EventDate "2022.10.22"]
[EventType "team-swiss"]
[EventRounds "11"]
[EventCountry "ENG"]
[SourceTitle "CBM 210 Extra"]
[Source "ChessBase"]
[SourceDate "2022.11.30"]
[SourceVersion "1"]
[SourceVersionDate "2022.11.30"]
[SourceQuality "1"]
[WhiteTeam "Gonzaga"]
[BlackTeam "Chess.com Manx Liberty"]
[WhiteTeamCountry "ENG"]
[BlackTeamCountry "ENG"]

1. e4 c5 2. Nf3 e6 3. g3 Nc6 4. Bg2 Nf6 5. Qe2 d6 6. 0-0 Be7 7. c3 e5 8. Na3 0-0 9. d3 Re8 10. Nc4 Be6 11. Ng5 Bg4 12. f3 Bh5 13. Ne3 d5 14. Nf5 h6 15. Nh3 c4 16. exd5 cxd3 17. Qxd3 Nxd5 18. f4 Bc5+ 19. Kh1 e4 20. Qc4 Bb6 21. Re1 Qd7 22. Ne3 Bxe3 23. Bxe3 Bf3 24. Ng1 Nxe3 25. Rxe3 Qd2 26. Bxf3 Qxe3 27. Bh5 Re7 28. Rd1 Qb6 29. b4 Rd8 30. Re1 Rde8 31. a4 Nb8 32. Rd1 Qc6 33. Qb3 Nd7 34. Be2 a6 35. b5 Qc7 36. Qb4 a5 0-1

[Event "Titled Tuesday intern op 09th Aug Early"]
[Site "Chess.com INT"]
[Date "2022.08.09"]
[Round "1"]
[White "Delaney, Killian"]
[Black "Kuznetsova, Olga1111"]
[Result "1-0"]
[WhiteElo "2334"]
[BlackElo "2142"]
[PlyCount "103"]
[EventDate "2022.08.09"]
[EventType "swiss (blitz)"]
[EventRounds "11"]
[EventCountry "USA"]
[SourceTitle "EXT 2023"]
[Source "ChessBase"]
[SourceDate "2022.10.05"]
[SourceVersion "1"]
[SourceVersionDate "2022.10.05"]
[SourceQuality "1"]

1. d4 Nf6 2. g4 Nxg4 3. e4 Nf6 4. e5 Nd5 5. c4 Nb6 6. a4 a5 7. c5 Nd5 8. Bc4 e6 9. Nf3 d6 10. cxd6 cxd6 11. Nc3 Nb6 12. Bd3 Nc6 13. Qe2 dxe5 14. dxe5 Bb4 15. Rg1 g6 16. h4 Bd7 17. Bg5 Qc7 18. Bf6 Rg8 19. 0-0-0 Bxc3 20. bxc3 Nb4 21. Kd2 N4d5 22. Rc1 Nxf6 23. exf6 0-0-0 24. Ne5 Bc6 25. Ke1 Rd5 26. f4 Rgd8 27. h5 Be8 28. hxg6 hxg6 29. c4 Rc5 30. Rb1 Nxa4 31. Be4 Nc3 32. Rxb7 Nxe2 33. Rxc7+ Kxc7 34. Kxe2 Rb8 35. Rh1 a4 36. Rh7 a3 37. Bxg6 a2 38. Bxf7 Bxf7 39. Rxf7+ Kb6 40. Nd7+ Ka5 41. Nxb8 Kb4 42. Ra7 Kb3 43. Rxa2 Kxa2 44. f7 Rc8 45. Nd7 Kb3 46. f8Q Rxf8 47. Nxf8 Kxc4 48. Ke3 Kd5 49. Ng6 Kd6 50. Ke4 Kd7 51. Ke5 Ke8 52. Kxe6 1-0

[Event "Titled Tuesday intern op 29th Mar Early"]
[Site "Chess.com INT"]
[Date "2022.03.29"]
[Round "4"]
[White "Delaney, Killian"]
[Black "Fernandez, Daniel"]
[Result "1-0"]
[WhiteElo "2294"]
[BlackElo "2444"]
[PlyCount "117"]
[EventDate "2022.03.29"]
[EventType "swiss (blitz)"]
[EventRounds "11"]
[EventCountry "USA"]
[SourceTitle "CBM 207 Extra"]
[Source "ChessBase"]
[SourceDate "2022.05.31"]
[SourceVersion "1"]
[SourceVersionDate "2022.05.31"]
[SourceQuality "1"]

1. e4 c5 2. Nf3 d6 3. Nc3 a6 4. a4 e5 5. Bc4 Be7 6. d3 Nf6 7. Nd2 0-0 8. Nf1 Nc6 9. Ne3 Nd4 10. 0-0 Be6 11. f4 exf4 12. Rxf4 Re8 13. Ncd5 Nxd5 14. Nxd5 Bf8 15. c3 Nc6 16. Rf1 Ne5 17. Ba2 b5 18. Bf4 Rb8 19. axb5 axb5 20. Qh5 Nxd3 21. Bg5 Qd7 22. Rf3 Bg4 23. Qh4 Bxf3 24. gxf3 Ne5 25. Qg3 c4 26. Rf1 Qa7+ 27. Kh1 Qxa2 28. f4 Ng6 29. f5 Ne5 30. Bf6 Kh8 31. Rg1 Ng6 32. fxg6 fxg6 33. Bd4 Rxe4 34. Nf4 Qa8 35. Rg2 Re1+ 36. Qxe1 Re8 37. Qh4 Kg8 38. h3 Re4 39. Kh2 d5 40. Rf2 Bd6 41. Kg2 h6 42. Qg4 g5 43. Qd7 Qf8 44. Ne6 Qe7 45. Qxe7 Bxe7 46. Nxg7 Rxd4 47. cxd4 Kxg7 48. Rf5 b4 49. Rxd5 c3 50. bxc3 bxc3 51. Rd7 Kf6 52. Rc7 Bb4 53. Kf3 Kf5 54. Rc4 Ba3 55. Rxc3 Bd6 56. Rc6 Ke6 57. Ke4 Kd7 58. d5 Ke7 59. Kf5 1-0

[Event "BCF-chT 2122 (4NCL)"]
[Site "England"]
[Date "2022.03.26"]
[Round "5.62"]
[White "Delaney, Killian"]
[Black "Townsend, M Paul"]
[Result "1-0"]
[WhiteElo "2292"]
[BlackElo "2165"]
[PlyCount "77"]
[EventDate "2021.11.27"]
[EventType "team-swiss"]
[EventRounds "11"]
[EventCountry "ENG"]
[SourceTitle "EXT 2023"]
[Source "ChessBase"]
[SourceDate "2022.10.05"]
[SourceVersion "1"]
[SourceVersionDate "2022.10.05"]
[SourceQuality "1"]
[WhiteTeam "Gonzaga"]
[BlackTeam "Chessable White Rose II"]
[WhiteTeamCountry "ENG"]
[BlackTeamCountry "ENG"]

1. c4 e5 2. Nc3 Bb4 3. Nd5 Be7 4. d4 d6 5. e4 Nf6 6. Nxe7 Qxe7 7. f3 c5 8. d5 0-0 9. Bg5 h6 10. Be3 Nh7 11. g4 h5 12. h3 g6 13. Bd3 f5 14. gxf5 gxf5 15. exf5 Bxf5 16. Bxf5 Rxf5 17. Qc2 Qh4+ 18. Kd2 Rf6 19. Ne2 Nd7 20. Rag1+ Kh8 21. Rg3 Rg8 22. Rxg8+ Kxg8 23. Rg1+ Kh8 24. Rg3 b5 25. cxb5 Qb4+ 26. Nc3 Nb6 27. a3 Nc4+ 28. Kc1 Nxe3 29. axb4 Nxc2 30. Kxc2 cxb4 31. Ne4 h4 32. Rg4 b3+ 33. Kd2 Rxf3 34. Rxh4 Rf7 35. Nxd6 Rd7 36. Rh6 Kg8 37. Ke3 Kf8 38. Ne4 Ng5 39. Nxg5 1-0

[Event "Titled Tuesday intern op 15th Feb Late"]
[Site "Chess.com INT"]
[Date "2022.02.15"]
[Round "5"]
[White "Kaasen, Tor Fredrik"]
[Black "Delaney, Killian"]
[Result "0-1"]
[WhiteElo "2458"]
[BlackElo "2292"]
[PlyCount "82"]
[EventDate "2022.02.15"]
[EventType "swiss (blitz)"]
[EventRounds "11"]
[EventCountry "USA"]
[SourceTitle "CBM 206 Extra"]
[Source "ChessBase"]
[SourceDate "2022.03.31"]
[SourceVersion "1"]
[SourceVersionDate "2022.03.31"]
[SourceQuality "1"]

1. d4 d5 2. c4 e6 3. Nc3 c5 4. e3 Nf6 5. Nf3 Nc6 6. cxd5 exd5 7. Be2 Bd6 8. dxc5 Bxc5 9. 0-0 0-0 10. b3 Bg4 11. Na4 Bd6 12. Bb2 Re8 13. Rc1 Rc8 14. Nc5 Rc7 15. Nxb7 Rxb7 16. Rxc6 Qd7 17. Rc1 Qf5 18. h3 Bxh3 19. Nd4 Qg5 20. Bf3 Qe5 21. Re1 Qh2+ 22. Kf1 Bb4 23. gxh3 Bxe1 24. Kxe1 Qxh3 25. Ke2 Ne4 26. Qg1 g6 27. Bg4 Qh4 28. Qg2 Rbe7 29. Nf5 gxf5 30. Bxf5+ Ng3+ 31. Qxg3+ Qxg3 32. fxg3 Rxe3+ 33. Kd1 Rf3 34. Bd7 Rf1+ 35. Kd2 Rf2+ 36. Kd3 Rf3+ 37. Kd2 Rd8 38. Bg4 Rxg3 39. Be2 d4 40. Bd3 Rg2+ 41. Be2 d3 0-1

[Event "Online Olym Div2 A"]
[Site "Chess.com INT"]
[Date "2021.09.03"]
[Round "4.2"]
[White "Zeng, Chongsheng"]
[Black "Delaney, Killian"]
[Result "1-0"]
[WhiteElo "2597"]
[BlackElo "2300"]
[PlyCount "85"]
[EventDate "2021.09.02"]
[EventType "team (rapid)"]
[EventRounds "9"]
[EventCountry "USA"]
[SourceTitle "CBM 204 Extra"]
[Source "ChessBase"]
[SourceDate "2021.11.30"]
[SourceVersion "1"]
[SourceVersionDate "2021.11.30"]
[SourceQuality "1"]
[WhiteTeam "Shenzhen China"]
[BlackTeam "Ireland"]
[WhiteTeamCountry "CHN"]
[BlackTeamCountry "IRL"]

1. e4 c6 2. d4 d5 3. Nd2 dxe4 4. Nxe4 Nf6 5. Nxf6+ exf6 6. c3 Bd6 7. Bd3 0-0 8. Qc2 Re8+ 9. Ne2 h5 10. Be3 Nd7 11. 0-0-0 Nf8 12. Kb1 Be6 13. Ng3 g6 14. Ne4 Be7 15. h4 b5 16. Nc5 Bd5 17. Rhe1 f5 18. g3 a5 19. a4 bxa4 20. Qxa4 Nd7 21. Nxd7 Qxd7 22. Bf4 Bd6 23. Be5 Bf3 24. Rd2 f6 25. Re3 fxe5 26. dxe5 Bd5 27. exd6 Rxe3 28. fxe3 Qxd6 29. Qf4 Qxf4 30. exf4 Re8 31. Re2 Rxe2 32. Bxe2 Kf7 33. c4 Be4+ 34. Ka2 c5 35. Ka3 Bc6 36. Bd1 Ke7 37. Ba4 Kd6 38. Bb5 Bf3 39. Ka4 Be2 40. Kxa5 Bf1 41. Kb6 Be2 42. b4 cxb4 43. c5+ 1-0

[Event "Titled Tuesday intern op 20th Apr"]
[Site "Chess.com INT"]
[Date "2021.04.20"]
[Round "6"]
[White "Hansen, Eric"]
[Black "Delaney, Killian"]
[Result "1-0"]
[WhiteElo "2606"]
[BlackElo "2300"]
[PlyCount "35"]
[EventDate "2021.04.20"]
[EventType "swiss (blitz)"]
[EventRounds "11"]
[EventCountry "USA"]
[SourceTitle "CBM 202 Extra"]
[Source "ChessBase"]
[SourceDate "2021.07.31"]
[SourceVersion "1"]
[SourceVersionDate "2021.07.31"]
[SourceQuality "1"]

1. e4 c5 2. Nf3 e6 3. d4 cxd4 4. Nxd4 Nf6 5. Nc3 Nc6 6. Ndb5 Bc5 7. Bf4 0-0 8. Bc7 Qe7 9. Bd6 Bxd6 10. Qxd6 Qd8 11. Qc7 Qe7 12. 0-0-0 a6 13. Nd6 b5 14. f4 b4 15. Na4 Ne8 16. Nxc8 Nxc7 17. Nxe7+ Nxe7 18. Rxd7 1-0

[Event "Titled Tuesday intern op 20th Apr"]
[Site "Chess.com INT"]
[Date "2021.04.20"]
[Round "4"]
[White "Onufrienko, Vladislav"]
[Black "Delaney, Killian"]
[Result "0-1"]
[WhiteElo "1875"]
[BlackElo "2300"]
[PlyCount "114"]
[EventDate "2021.04.20"]
[EventType "swiss (blitz)"]
[EventRounds "11"]
[EventCountry "USA"]
[SourceTitle "CBM 202 Extra"]
[Source "ChessBase"]
[SourceDate "2021.07.31"]
[SourceVersion "1"]
[SourceVersionDate "2021.07.31"]
[SourceQuality "1"]

1. e4 c6 2. d4 d5 3. e5 Bf5 4. Nf3 e6 5. Be2 Nd7 6. 0-0 Ne7 7. Be3 h6 8. Nbd2 Qc7 9. c4 g5 10. c5 Bg7 11. b4 f6 12. exf6 Bxf6 13. a4 a6 14. b5 axb5 15. axb5 0-0 16. b6 Rxa1 17. Qxa1 Qb8 18. Rc1 e5 19. h3 e4 20. Ne1 Ng6 21. Qa4 Nf4 22. Bf1 h5 23. Ra1 Qc8 24. Qa7 Bg7 25. Nb3 Nf6 26. Na5 Rf7 27. Ba6 bxa6 28. b7 Qc7 29. Qxa6 Nd7 30. Qxc6 Qd8 31. Qc8 Rf8 32. Qxd8 Rxd8 33. c6 Ne6 34. cxd7 Rb8 35. Nc6 Rxb7 36. d8Q+ Nxd8 37. Nxd8 Bf6 38. Nc6 Rc7 39. Ne5 Kg7 40. Kf1 h4 41. Ra6 Re7 42. Rb6 Ra7 43. Nc6 Rc7 44. Ne5 Ra7 45. Rb1 Re7 46. Rc1 Be6 47. Nc2 Bf5 48. Nb4 Be6 49. Nbc6 Rc7 50. Nb4 Rb7 51. Nc2 Kf8 52. Ne1 Kg7 53. Rc6 Re7 54. Nc2 Bg8 55. Nb4 Ra7 56. Rc5 Ra1+ 57. Ke2 Rb1 0-1

[Event "Titled Tuesday intern op 20th Apr"]
[Site "Chess.com INT"]
[Date "2021.04.20"]
[Round "8"]
[White "Vivas Zamora, Fabian Ernesto"]
[Black "Delaney, Killian"]
[Result "1-0"]
[WhiteElo "2344"]
[BlackElo "2300"]
[PlyCount "93"]
[EventDate "2021.04.20"]
[EventType "swiss (blitz)"]
[EventRounds "11"]
[EventCountry "USA"]
[SourceTitle "CBM 202 Extra"]
[Source "ChessBase"]
[SourceDate "2021.07.31"]
[SourceVersion "1"]
[SourceVersionDate "2021.07.31"]
[SourceQuality "1"]

1. c4 Nf6 2. Nc3 g6 3. g3 Bg7 4. Bg2 0-0 5. Nf3 d6 6. d4 Nc6 7. 0-0 e5 8. dxe5 dxe5 9. Bg5 Be6 10. Nd5 e4 11. Nd2 Bxd5 12. cxd5 Qxd5 13. Bxf6 Bxf6 14. Nxe4 Qxd1 15. Nxf6+ Kg7 16. Rfxd1 Kxf6 17. Bxc6 bxc6 18. Rac1 Rfd8 19. Rxc6+ Kg7 20. Rxd8 Rxd8 21. Rxc7 Rd2 22. Rxa7 Rxb2 23. e3 g5 24. g4 Kg6 25. Kg2 f6 26. Kg3 h5 27. gxh5+ Kxh5 28. a4 Rb1 29. h3 Rg1+ 30. Kh2 Ra1 31. a5 Kg6 32. a6 f5 33. Ra8 Kg7 34. a7 Ra2 35. Kg3 Kh7 36. f3 Ra3 37. h4 gxh4+ 38. Kxh4 Kg7 39. Kg5 Ra5 40. Kf4 Kh7 41. e4 fxe4 42. fxe4 Kg7 43. e5 Kh7 44. Ke4 Kg7 45. e6 Ra4+ 46. Kd5 Rxa7 47. Rxa7+ 1-0

[Event "Titled Tuesday intern op 13th Oct"]
[Site "Chess.com INT"]
[Date "2020.10.13"]
[Round "3"]
[White "Delaney, Killian"]
[Black "Halkias, Stelios"]
[Result "0-1"]
[WhiteElo "2300"]
[BlackElo "2563"]
[PlyCount "102"]
[EventDate "2020.10.13"]
[EventType "swiss (blitz)"]
[EventRounds "10"]
[EventCountry "USA"]
[SourceTitle "CBM 198 Extra"]
[Source "ChessBase"]
[SourceDate "2020.11.30"]
[SourceVersion "1"]
[SourceVersionDate "2020.11.30"]
[SourceQuality "1"]

1. e4 c6 2. d4 d5 3. e5 Bf5 4. h4 h5 5. Bd3 Bxd3 6. Qxd3 e6 7. Bg5 Qb6 8. Nd2 Nh6 9. Bxh6 Rxh6 10. Ngf3 Nd7 11. 0-0 Be7 12. c4 0-0-0 13. cxd5 cxd5 14. Rfc1+ Kb8 15. b4 Rg6 16. Rab1 Nf8 17. Nb3 Rg4 18. Nc5 Ng6 19. Qc2 Bxc5 20. dxc5 Qc7 21. b5 Rc4 22. Qd2 Rxc5 23. Rxc5 Qxc5 24. Rc1 Qxb5 25. Nd4 Qb6 26. Qc2 Nxe5 27. a4 Nc4 28. Qc3 a6 29. Qg3+ e5 30. Nf3 Qf6 31. Rb1 Ka8 32. Ng5 Rd6 33. Rc1 Qf5 34. Qc3 Rc6 35. Qa1 f6 36. Nf3 Qe4 37. Qa2 Na5 38. Rxc6 Nxc6 39. Qb2 Qxa4 40. Qb6 Qa5 41. Qb3 Qd8 42. Nd2 e4 43. Qg3 Qe7 44. Nb3 d4 45. Qf4 d3 46. Qd2 Qe5 47. Qa2 Nd4 48. Nd2 Ne2+ 49. Kh1 Qf4 50. g3 Qxf2 51. Qg8+ Ka7 0-1

[Event "Titled Tuesday intern op 08th Sept"]
[Site "Chess.com INT"]
[Date "2020.09.08"]
[Round "3"]
[White "Delaney, Killian"]
[Black "Kislov, Oleg"]
[Result "1-0"]
[WhiteElo "2300"]
[BlackElo "2249"]
[PlyCount "85"]
[EventDate "2020.09.08"]
[EventType "swiss (blitz)"]
[EventRounds "10"]
[EventCountry "USA"]
[SourceTitle "CBM 198 Extra"]
[Source "ChessBase"]
[SourceDate "2020.11.30"]
[SourceVersion "1"]
[SourceVersionDate "2020.11.30"]
[SourceQuality "1"]

1. e4 e6 2. d4 d5 3. e5 c5 4. c3 Qb6 5. Nf3 Nc6 6. Bd3 cxd4 7. cxd4 Bd7 8. 0-0 Nxd4 9. Ng5 Nc6 10. Re1 Nxe5 11. Rxe5 f6 12. Qh5+ g6 13. Bxg6+ hxg6 14. Qxh8 fxe5 15. Qxg8 0-0-0 16. Nf7 Qxf2+ 17. Kxf2 Bc5+ 18. Be3 Bxe3+ 19. Kxe3 Rxg8 20. Nxe5 Be8 21. Nd2 g5 22. h3 Kc7 23. Ndf3 Kd6 24. Rc1 Bb5 25. b3 a5 26. Nf7+ Ke7 27. Rc7+ Kf6 28. Rxb7 Bf1 29. N7e5 Rg7 30. Rxg7 Kxg7 31. Kf2 Bb5 32. Nxg5 Kf6 33. Ngf3 d4 34. Nxd4 Be8 35. Ndf3 a4 36. bxa4 Bxa4 37. Ke3 Be8 38. g4 Kg7 39. g5 Bb5 40. h4 Be8 41. Kd4 Kh7 42. Kc5 Bh5 43. a4 1-0

[Event "Titled Tuesday intern op 08th Sept"]
[Site "Chess.com INT"]
[Date "2020.09.08"]
[Round "6"]
[White "Delaney, Killian"]
[Black "Kjartansson, David"]
[Result "1-0"]
[WhiteElo "2300"]
[BlackElo "2338"]
[PlyCount "89"]
[EventDate "2020.09.08"]
[EventType "swiss (blitz)"]
[EventRounds "10"]
[EventCountry "USA"]
[SourceTitle "CBM 198 Extra"]
[Source "ChessBase"]
[SourceDate "2020.11.30"]
[SourceVersion "1"]
[SourceVersionDate "2020.11.30"]
[SourceQuality "1"]

1. e4 c5 2. c3 Nf6 3. e5 Nd5 4. Bc4 Nb6 5. Bb3 Nc6 6. Nf3 c4 7. Bc2 d5 8. exd6 Qxd6 9. 0-0 g6 10. b3 Bg7 11. Na3 Qc5 12. bxc4 Nxc4 13. d4 Qd5 14. Bb3 N6a5 15. Nxc4 Nxc4 16. Nd2 b5 17. a4 Bb7 18. f3 a6 19. axb5 axb5 20. Rxa8+ Bxa8 21. Qe2 0-0 22. Nxc4 bxc4 23. Bxc4 Qd6 24. Re1 e6 25. Qa2 Rc8 26. Ba3 Bxd4+ 27. Kh1 Bc5 28. Bc1 Kg7 29. Qa6 Bc6 30. Qxc8 Bf2 31. Rf1 Qc5 32. Be2 Qxc3 33. Rxf2 Qe1+ 34. Rf1 Qxe2 35. Kg1 Bb5 36. Qc3+ e5 37. Re1 Qa2 38. Qxe5+ Kg8 39. Qxb5 Qa7+ 40. Be3 Qd7 41. Qxd7 Kg7 42. Bg5 h5 43. Qd4+ Kh7 44. Re8 h4 45. Rh8# 1-0

[Event "Titled Tuesday intern op 08th Sept"]
[Site "Chess.com INT"]
[Date "2020.09.08"]
[Round "2"]
[White "Moussard, Jules"]
[Black "Delaney, Killian"]
[Result "1-0"]
[WhiteElo "2625"]
[BlackElo "2300"]
[PlyCount "89"]
[EventDate "2020.09.08"]
[EventType "swiss (blitz)"]
[EventRounds "10"]
[EventCountry "USA"]
[SourceTitle "CBM 198 Extra"]
[Source "ChessBase"]
[SourceDate "2020.11.30"]
[SourceVersion "1"]
[SourceVersionDate "2020.11.30"]
[SourceQuality "1"]

1. e4 c6 2. d4 d5 3. e5 c5 4. dxc5 e6 5. Bd3 Nd7 6. Nf3 Nxc5 7. 0-0 Nxd3 8. cxd3 Ne7 9. Nc3 Nc6 10. Bf4 Be7 11. Rc1 0-0 12. Re1 f6 13. exf6 Bxf6 14. Qd2 a6 15. d4 Bd7 16. Ne5 Nxe5 17. Bxe5 Bg5 18. f4 Bh6 19. g3 Rc8 20. Ne2 Qb6 21. Rc3 Rc4 22. Rec1 Rfc8 23. b3 Rxc3 24. Rxc3 Rxc3 25. Qxc3 Qc6 26. Qc5 g6 27. Qe7 Bf8 28. Qf6 Qc2 29. Qh8+ Kf7 30. Qxh7+ Ke8 31. f5 Qxe2 32. Qxg6+ Kd8 33. Qf6+ Be7 34. Qh8+ Be8 35. f6 Qe3+ 36. Kg2 Qe4+ 37. Kh3 Qf5+ 38. g4 Qf3+ 39. Kh4 Qf2+ 40. Kg5 Bb4 41. Bg3 Bd2+ 42. Kh4 Qe3 43. f7 Qg5+ 44. Kh3 Qh6+ 45. Bh4+ 1-0

[Event "Online Olym Div2 D"]
[Site "Chess.com INT"]
[Date "2020.08.16"]
[Round "8.1"]
[White "Hjartarson, Johann"]
[Black "Delaney, Killian"]
[Result "0-1"]
[WhiteElo "2525"]
[BlackElo "2302"]
[PlyCount "88"]
[EventDate "2020.08.14"]
[EventType "team-tourn (rapid)"]
[EventRounds "9"]
[EventCountry "USA"]
[SourceTitle "CBM 198"]
[Source "ChessBase"]
[SourceDate "2020.10.31"]
[SourceVersion "1"]
[SourceVersionDate "2020.10.31"]
[SourceQuality "1"]
[WhiteTeam "Iceland"]
[BlackTeam "Ireland"]
[WhiteTeamCountry "ISL"]
[BlackTeamCountry "IRL"]

1. d4 d5 2. c4 Nc6 3. Nc3 Nf6 4. Nf3 dxc4 5. e4 Bg4 6. Be3 e6 7. Bxc4 Bb4 8. 0-0 Bxc3 9. bxc3 Nxe4 10. Rc1 0-0 11. Bd3 Nd6 12. h3 Bh5 13. Re1 Bg6 14. Bg5 f6 15. Bf4 Bxd3 16. Qxd3 Qd7 17. Re2 Rae8 18. Rce1 Na5 19. Nd2 b5 20. Nb3 Nxb3 21. axb3 Nf5 22. g4 Nh4 23. Qg3 g5 24. Bxc7 e5 25. Ba5 exd4 26. cxd4 Rxe2 27. Rxe2 Qxd4 28. Kh2 Qd5 29. Re3 f5 30. gxf5 Qxf5 31. Kg1 Nf3+ 32. Kg2 Nh4+ 33. Kg1 Rc8 34. Bc3 h6 35. Qd6 Rf8 36. Be1 Nf3+ 37. Rxf3 Qxf3 38. Qg6+ Kh8 39. Qxh6+ Kg8 40. Qxg5+ Kh7 41. Qh4+ Kg6 42. Bb4 Rf5 43. Qd4 Rd5 44. Qg4+ Rg5 0-1

[Event "Online Olym Div3 A"]
[Site "Chess.com INT"]
[Date "2020.08.08"]
[Round "6.4"]
[White "Delaney, Killian"]
[Black "Wong, Yinn Long"]
[Result "1/2-1/2"]
[WhiteElo "2314"]
[BlackElo "2381"]
[PlyCount "128"]
[EventDate "2020.08.07"]
[EventType "team-tourn (rapid)"]
[EventRounds "9"]
[EventCountry "USA"]
[SourceTitle "CBM 198"]
[Source "ChessBase"]
[SourceDate "2020.10.31"]
[SourceVersion "1"]
[SourceVersionDate "2020.10.31"]
[SourceQuality "1"]
[WhiteTeam "Ireland"]
[BlackTeam "Malaysia"]
[WhiteTeamCountry "IRL"]
[BlackTeamCountry "MAS"]

1. e4 c5 2. c3 g6 3. d4 cxd4 4. cxd4 d5 5. exd5 Nf6 6. Nc3 Nxd5 7. Bc4 Nb6 8. Bb3 Bg7 9. Nf3 0-0 10. 0-0 Bg4 11. d5 N8d7 12. h3 Bxf3 13. Qxf3 Rc8 14. d6 exd6 15. Qxb7 Nc5 16. Qf3 Nbd7 17. Rd1 Nxb3 18. axb3 Re8 19. Rxa7 Ne5 20. Qd5 Qb6 21. Be3 Qc6 22. Qxd6 Qxd6 23. Rxd6 Rb8 24. Nd5 Rxb3 25. Nf6+ Bxf6 26. Rxf6 Rd3 27. Bh6 Nd7 28. Rc6 Rd1+ 29. Kh2 Rd5 30. b4 f6 31. Be3 Kf7 32. Rcc7 Ke6 33. b5 Rb8 34. b6 g5 35. Rcb7 Rxb7 36. Rxb7 Rb5 37. Ra7 Kd6 38. g4 Nxb6 39. Rxh7 Nd5 40. Kg3 Ke5 41. Kf3 Rb3 42. h4 gxh4 43. Rxh4 Ke6 44. Rh8 Kf7 45. Rd8 Nxe3 46. fxe3 Rb4 47. Rd4 Rb5 48. Kf4 Kg6 49. Rd6 Re5 50. e4 Ra5 51. Rd5 Ra1 52. Rd6 Rf1+ 53. Kg3 Re1 54. Kf3 Kg5 55. Rd5+ Kg6 56. Rf5 Rf1+ 57. Kg3 Rg1+ 58. Kf3 Rf1+ 59. Ke3 Re1+ 60. Kd4 Rg1 61. Rf4 Kg5 62. Rf5+ Kg6 63. Rf4 Kg5 64. Rf5+ Kg6 1/2-1/2

[Event "Online Olym Div3 A"]
[Site "Chess.com INT"]
[Date "2020.08.08"]
[Round "5.2"]
[White "Deng, Yu Dong Michael"]
[Black "Delaney, Killian"]
[Result "0-1"]
[WhiteElo "2138"]
[BlackElo "2314"]
[PlyCount "46"]
[EventDate "2020.08.07"]
[EventType "team-tourn (rapid)"]
[EventRounds "9"]
[EventCountry "USA"]
[SourceTitle "CBM 198"]
[Source "ChessBase"]
[SourceDate "2020.10.31"]
[SourceVersion "1"]
[SourceVersionDate "2020.10.31"]
[SourceQuality "1"]
[WhiteTeam "Hong Kong"]
[BlackTeam "Ireland"]
[WhiteTeamCountry "HKG"]
[BlackTeamCountry "IRL"]

1. d4 d5 2. c4 Nc6 3. cxd5 Qxd5 4. e3 e5 5. Nf3 exd4 6. exd4 Bg4 7. Be2 Bb4+ 8. Nc3 Bxf3 9. Bxf3 Qc4 10. Bxc6+ bxc6 11. Qe2+ Qxe2+ 12. Kxe2 Ne7 13. Be3 0-0-0 14. a3 Ba5 15. Rhd1 Rhe8 16. g4 Rd7 17. Kf3 f5 18. g5 Ng6 19. Ne2 Bb6 20. Rac1 Kb7 21. Rc4 Ne5+ 22. dxe5 Rxd1 23. Bxb6 axb6 0-1

[Event "IRL-ch"]
[Site "Dublin"]
[Date "2020.08.01"]
[Round "1"]
[White "Byrne, Alex"]
[Black "Delaney, Killian"]
[Result "1-0"]
[WhiteElo "1976"]
[BlackElo "2314"]
[PlyCount "103"]
[EventDate "2020.08.01"]
[EventType "swiss"]
[EventRounds "9"]
[EventCountry "IRL"]
[SourceTitle "CBM 197 Extra"]
[Source "ChessBase"]
[SourceDate "2020.09.30"]
[SourceVersion "1"]
[SourceVersionDate "2020.09.30"]
[SourceQuality "1"]

1. e4 c5 2. a3 g6 3. b4 Bg7 4. Nc3 b6 5. Rb1 Nc6 6. g3 e6 7. Bg2 Nge7 8. bxc5 bxc5 9. a4 0-0 10. Nge2 d5 11. exd5 exd5 12. Ba3 d4 13. Ne4 c4 14. 0-0 d3 15. cxd3 Qxd3 16. Bxe7 Nxe7 17. Nc5 Qd6 18. Bxa8 Qxc5 19. Be4 Rd8 20. Qc2 Bh6 21. d4 Qd6 22. Nc3 a6 23. Qe2 Bh3 24. Rfd1 Rc8 25. Bb7 Rd8 26. Qxc4 Nf5 27. Ne4 Qa3 28. Nf6+ Kg7 29. Qc7 Bg5 30. Qxd8 Bxf6 31. Qd7 Bg4 32. Bd5 Nh6 33. Qc6 Bxd1 34. Rxd1 Bxd4 35. Qc4 Bc5 36. Rd3 Qa1+ 37. Kg2 Bb6 38. Qc3+ Qxc3 39. Rxc3 a5 40. Rc6 Bd4 41. Rc7 g5 42. h3 Kg6 43. g4 Kf6 44. Rc6+ Kg7 45. Kf3 Ng8 46. Rc7 Nh6 47. Ke2 Kf6 48. Rc6+ Kg7 49. f3 f5 50. Rc7+ Kf8 51. Rxh7 Bg7 52. Kd3 1-0